Geography Quiz

Random Geography or Flags Quiz
Score 0/197 Timer 20:00
0 Plays Today
% Correct
Budapest
94.1%
Hanoi
88.5%
Skopje
87.4%
London
85.8%
Ankara
82.9%
Tarawa
81.6%
Havana
81.3%
Manila
81%
Riyadh
80.5%
Madrid
79.9%
Rome
79.4%
Asuncion
79.1%
Tokyo
79.1%
New Delhi
78.9%
Canberra
78.6%
Brasilia
78.6%
Islamabad
78.3%
Tirana
78.1%
Bratislava
78.1%
Ljubljana
77.8%
Nassau
77.8%
Copenhagen
77.3%
Jerusalem
77.3%
Tallinn
77%
Washington
77%
Brussels
76.7%
Tunis
76.5%
Vatican City
76.5%
Kigali
76.2%
Seoul
76.2%
Beirut
75.9%
Santiago
75.9%
Prague
75.4%
Kiev
75.1%
Helsinki
75.1%
Abuja
74.9%
Doha
74.9%
Montevideo
74.9%
Kingston
74.9%
Caracas
74.6%
Valletta
74.6%
Sarajevo
74.3%
Nicosia
74.3%
Cairo
74.3%
Warsaw
74.1%
San Salvador
73.8%
Berlin
73.8%
Maseru
73.5%
Beijing
73.5%
Nairobi
73.5%
N'Djamena
73.3%
Monrovia
73.3%
Victoria
73%
Phnom Penh
72.7%
Tripoli
72.5%
Tehran
72.5%
Bishkek
72.2%
Managua
72.2%
Riga
72.2%
Apia
71.9%
Astana
71.9%
Kuwait City
71.9%
Muscat
71.9%
Kathmandu
71.9%
Bucharest
71.9%
Dublin
71.9%
% Correct
Minsk
71.7%
Stockholm
71.7%
Freetown
71.4%
Manama
71.4%
Pretoria
71.4%
St. John's
71.1%
Kinshasa
71.1%
Bridgetown
71.1%
Port Moresby
71.1%
Honiara
70.9%
Funafuti
70.6%
Port of Spain
70.6%
Port-au-Prince
70.6%
Kabul
70.3%
Luxembourg
70.3%
Moscow
70.3%
Mbabane
70.1%
Amman
70.1%
Algiers
70.1%
Pyongyang
70.1%
San Marino
69.8%
Wellington
69.8%
Djibouti
69.5%
Mogadishu
69.5%
Vilnius
69%
Bandar Seri Begawan
68.7%
Lima
68.7%
Praia
68.4%
Yerevan
68.4%
Ashgabat
68.4%
Baku
68.2%
Lilongwe
67.9%
Damascus
67.9%
Guatemala City
67.6%
Kampala
67.4%
Bissau
66.8%
Lusaka
66.8%
Abu Dhabi
66.8%
Vienna
66.6%
Dakar
66.3%
Andorra la Vella
66.3%
Bangui
66%
Dili
66%
Sao Tome
66%
Mexico City
66%
Nuku'alofa
65.5%
Conakry
65.2%
Ulaanbaatar
65.2%
Gaborone
65.2%
Jakarta
65.2%
Bogota
65.2%
Chisinau
65%
Juba
64.7%
Tbilisi
64.4%
Pristina
64.4%
Palikir
64.2%
Port Vila
63.9%
Khartoum
63.9%
Niamey
63.9%
Sana'a
63.9%
Quito
63.9%
Georgetown
63.6%
Taipei
63.6%
Athens
63.6%
St. George's
63.4%
Libreville
63.1%
% Correct
Sofia
63.1%
Sri Jayawardenepura Kotte
62.8%
Malabo
62.8%
Vientiane
62.8%
Dodoma
61.8%
Kuala Lumpur
61.8%
Kingstown
61.5%
Brazzaville
61.5%
Paramaribo
61.5%
Banjul
61.2%
Male
61.2%
Ottawa
61%
Dushanbe
60.7%
Thimphu
60.7%
Vaduz
60.7%
Asmara
60.2%
Singapore
59.9%
San Jose
59.6%
Antananarivo
59.6%
Dhaka
59.6%
Buenos Aires
58.8%
Naypyidaw
58.3%
Majuro
58%
Nouakchott
58%
Tegucigalpa
57.8%
Santo Domingo
57.8%
Lisbon
57.5%
Bamako
56.4%
Belmopan
56.4%
Suva
56.1%
Zagreb
55.9%
Ramallah
55.3%
Tashkent
55.1%
Basseterre
54.5%
Roseau
53.7%
Baghdad
53.7%
La Paz
53.2%
Harare
51.6%
Oslo
51.6%
Reykjavik
51.3%
Paris
50.8%
Castries
50.5%
Lome
50%
Amsterdam
50%
Accra
49.7%
Yaren
49.2%
Luanda
49.2%
Yamoussoukro
48.7%
Bujumbura
48.7%
Panama City
48.4%
Moroni
48.1%
Monaco
47.9%
Bangkok
47.3%
Bern
47.3%
Maputo
46.8%
Melekeok
45.7%
Port Louis
45.7%
Addis Ababa
45.7%
Windhoek
44.1%
Belgrade
44.1%
Podgorica
43.6%
Ouagadougou
43%
Rabat
42.2%
Yaounde
41.2%
Porto-Novo
41.2%
Remove Ads.
Support Sporcle.
Get the best of Sporcle when you Go Orange. This ad-free experience offers more features, more stats, and more fun while also helping to support Sporcle. Thank you for becoming a member.

You're not logged in!

Compare scores with friends on all Sporcle quizzes.
OR
Log In

Show Comments

Extras

Top Quizzes Today


Score Distribution

Your Account Isn't Verified!

In order to create a playlist on Sporcle, you need to verify the email address you used during registration. Go to your Sporcle Settings to finish the process.

Report this User

Report this user for behavior that violates our Community Guidelines.

Details: